| 000 | 00451nam a22001457a 4500 | ||
|---|---|---|---|
| 003 | Macl | ||
| 005 | 20190323134638.0 | ||
| 008 | 190323b xxu||||| |||| 00| 0 eng d | ||
| 040 | _cmacl | ||
| 100 |
_aकनकदास _973913 |
||
| 245 | _aरामधान्य चरित | ||
| 260 |
_aबेंगलूर _bसाहित्य अकादेमी _c2014 |
||
| 650 |
_aकाव्यालोचना _954621 |
||
| 942 |
_2ddc _cHIN |
||
| 999 |
_c59092 _d59092 |
||